000 01115nam1a2200313 i 4500
001 RU\NLR\bibl\28244
005 20241213005840.0
010 _a5-8303-001-Х
035 _a(NLR Aleph) 000027510
090 _a134581
_c134581
100 _a19990519g19979999u y0rusy50 ca
101 0 _arus
102 _aRU
105 _a|||||||||||||
200 1 _aЭнциклопедия народной медицины
_f[Сост. Чумакова Р.В. и др.
_gГл. ред. Непокойчицкий Г.А.]
205 _a4-е изд., испр. и доп.
210 _aМ.
_cАНС
_d1999
215 _d21
463 0 _100127810
463 0 _1001197546
606 0 _aНародная медицина
_jЭнциклопедии
_91444120
_3RU\NLR\auth\66300974
686 _aР359.2я20
702 1 _aЧумакова
_bР. В.
_gРаиса Вячеславовна
_4220
702 1 _aНепокойчицкий
_bГ. А.
_gГеннадий Анатольевич
_4340
801 0 _aRU
_bNLR
_c19990519
_gPSBO
801 1 _aRU
_bNLR
_c19990519
852 _aNLR
_jС К-2/7149
942 _cBOOK